[Event "LTU-chT"]
[Site "Lithuania"]
[Date "2023.04.22"]
[Round "6.2"]
[White "Bazilius, Augustinas"]
[Black "Vanagas, Tadas"]
[Result "0-1"]
[WhiteElo "2089"]
[BlackElo "2173"]
[PlyCount "80"]
[EventDate "2023.03.04"]
[EventType "team"]
[EventRounds "7"]
[EventCountry "LTU"]
[SourceTitle "EXT 2024"]
[Source "ChessBase"]
[SourceDate "2023.10.10"]
[SourceVersion "1"]
[SourceVersionDate "2023.10.10"]
[SourceQuality "1"]
[WhiteTeam "Vilnius Juoda Balta"]
[BlackTeam "Panevezio Gigant"]
[WhiteTeamCountry "LTU"]
[BlackTeamCountry "LTU"]

1. Nf3 d5 2. c4 c6 3. d4 Nf6 4. g3 dxc4 5. Bg2 Bf5 6. Nc3 Nbd7 7. a4 a5 8. Nh4 e6 9. Nxf5 exf5 10. d5 cxd5 11. Nxd5 Nxd5 12. Bxd5 Bb4+ 13. Bd2 Ne5 14. Bxb4 axb4 15. Bxb7 Qxd1+ 16. Kxd1 Ra7 17. Bf3 Ke7 18. Kc2 Rd8 19. a5 Nxf3 20. exf3 Rd3 21. Rhe1+ Kd6 22. a6 Rxf3 23. Re2 Kc6 24. Rd2 c3 25. bxc3 Rxc3+ 26. Kb2 Rf3 27. Rad1 Kb5 28. Rd5+ Ka4 29. Ra1+ Ra3 30. Rxa3+ bxa3+ 31. Ka2 Rxa6 32. Rd7 Rf6 33. Rd4+ Kb5 34. Kxa3 f4 35. gxf4 Kc5 36. Ra4 Kd5 37. Kb3 Rh6 38. Ra7 Ke6 39. Ra6+ Kf5 40. Ra5+ Kxf4 0-1

[Event "LTU-chT"]
[Site "Lithuania"]
[Date "2023.04.22"]
[Round "5.4"]
[White "Siugzdinis, Tautvydas"]
[Black "Vanagas, Tadas"]
[Result "0-1"]
[WhiteElo "1624"]
[BlackElo "2173"]
[PlyCount "80"]
[EventDate "2023.03.04"]
[EventType "team"]
[EventRounds "7"]
[EventCountry "LTU"]
[SourceTitle "EXT 2024"]
[Source "ChessBase"]
[SourceDate "2023.10.10"]
[SourceVersion "1"]
[SourceVersionDate "2023.10.10"]
[SourceQuality "1"]
[WhiteTeam "Kaunas Margiris"]
[BlackTeam "Panevezio Gigant"]
[WhiteTeamCountry "LTU"]
[BlackTeamCountry "LTU"]

1. d4 d5 2. c4 c6 3. cxd5 cxd5 4. Bf4 Nf6 5. Nc3 Qb6 6. Qd2 Nc6 7. e3 Bf5 8. a3 e6 9. Na4 Qb3 10. Nc3 Rc8 11. Bb5 Ne4 12. Nxe4 Bxe4 13. f3 Qxb5 14. fxe4 Nb4 15. Ne2 Nc2+ 16. Kf2 Nxa1 17. Rxa1 dxe4 18. Nc3 Qc6 19. Rd1 Bd6 20. Bxd6 Qxd6 21. Nxe4 Qxh2 22. Qd3 0-0 23. Ng3 Qh4 24. Kf3 f5 25. Rh1 Qg4+ 26. Kf2 h6 27. Ne2 Qe4 28. Qxe4 fxe4+ 29. Kg3 Rc2 30. Nc3 Rxb2 31. Nxe4 Rb3 32. Re1 b6 33. Nd2 Rxa3 34. Nf3 Rb3 35. e4 a5 36. Ra1 g5 37. Kg4 Rf4+ 38. Kh5 Kg7 39. Rc1 Rbxf3 40. gxf3 Rh4# 0-1

[Event "LTU-chT"]
[Site "Lithuania"]
[Date "2021.05.08"]
[Round "2.3"]
[White "Juksta, Karolis"]
[Black "Vanagas, Tadas"]
[Result "1-0"]
[WhiteElo "2437"]
[BlackElo "2154"]
[PlyCount "91"]
[EventDate "2021.05.07"]
[EventType "team-swiss"]
[EventRounds "7"]
[EventCountry "LTU"]
[SourceTitle "CBM 202 Extra"]
[Source "ChessBase"]
[SourceDate "2021.07.31"]
[SourceVersion "1"]
[SourceVersionDate "2021.07.31"]
[SourceQuality "1"]
[WhiteTeam "Kaunas SBK"]
[BlackTeam "Kaunas Gambiteriai"]
[WhiteTeamCountry "LTU"]
[BlackTeamCountry "LTU"]

1. d4 Nf6 2. c4 g6 3. Nc3 d5 4. cxd5 Nxd5 5. e4 Nxc3 6. bxc3 Bg7 7. Nf3 c5 8. Be3 0-0 9. Be2 Nc6 10. 0-0 cxd4 11. cxd4 Bg4 12. d5 Na5 13. Rc1 Qd7 14. h3 Bh5 15. Qd2 b6 16. g4 Bxg4 17. hxg4 Qxg4+ 18. Kh1 Qxe4 19. Qd3 Qa4 20. Rc7 Bf6 21. Bd4 Rad8 22. Bxf6 exf6 23. a3 Rd6 24. Rb1 Qg4 25. Rb4 Qh5+ 26. Rh4 Qxd5 27. Qxd5 Rxd5 28. Re4 Kg7 29. Ree7 g5 30. a4 g4 31. Ng1 h5 32. Bb5 Rf5 33. Kg2 h4 34. Be8 h3+ 35. Kg3 h2 36. Kxh2 Rxf2+ 37. Kg3 Rf1 38. Ne2 f5 39. Nd4 Kf6 40. Bxf7 Rg1+ 41. Kf2 Rh1 42. Re6+ Kg7 43. Bh5+ Kg8 44. Rg6+ Kh8 45. Rh6+ Kg8 46. Ne6 1-0

[Event "Jonava Banaitis Memorial"]
[Site "Jonava"]
[Date "2020.01.19"]
[Round "2.9"]
[White "Rimkus, Ignas"]
[Black "Vanagas, Tadas"]
[Result "0-1"]
[WhiteElo "1883"]
[BlackElo "2222"]
[PlyCount "100"]
[EventDate "2020.01.19"]
[EventType "swiss (rapid)"]
[EventRounds "9"]
[EventCountry "LTU"]
[SourceTitle "EXT 2023"]
[Source "ChessBase"]
[SourceDate "2022.10.05"]
[SourceVersion "1"]
[SourceVersionDate "2022.10.05"]
[SourceQuality "1"]

1. c3 d5 2. d4 Nf6 3. Nf3 c5 4. dxc5 a5 5. Bf4 e6 6. e3 Bxc5 7. Bg5 0-0 8. Be2 h6 9. Bh4 Nc6 10. 0-0 Be7 11. Nbd2 Bd7 12. Nb3 a4 13. Nbd4 Qa5 14. h3 Rfc8 15. a3 Qb6 16. Rb1 Be8 17. Bd3 Nd7 18. Bg3 Nc5 19. Bc2 Ne4 20. Bh2 Nd6 21. Ne5 Nxe5 22. Bxe5 Nc4 23. Qd3 g6 24. Bg3 e5 25. Ne2 Rd8 26. Qd1 Bb5 27. Re1 Bf6 28. Qc1 Bg5 29. h4 Bf6 30. Kh1 h5 31. Ng1 Qe6 32. f3 Qe7 33. Nh3 Bxh4 34. Bxh4 Qxh4 35. Kg1 Qg3 36. b3 axb3 37. Rxb3 Bc6 38. Bd3 Rd7 39. Rf1 Kg7 40. Nf2 Qg5 41. Nh3 Qxe3+ 42. Qxe3 Nxe3 43. Re1 d4 44. cxd4 exd4 45. Nf4 Ra5 46. Ne2 Rg5 47. g3 Bxf3 48. Kf2 Bc6 49. Rb4 Ng4+ 50. Kg1 Ne5 0-1

[Event "Jonava Banaitis Memorial"]
[Site "Jonava"]
[Date "2020.01.19"]
[Round "1.9"]
[White "Vanagas, Tadas"]
[Black "Ser, Daniel"]
[Result "1-0"]
[WhiteElo "2222"]
[BlackElo "1678"]
[PlyCount "63"]
[EventDate "2020.01.19"]
[EventType "swiss (rapid)"]
[EventRounds "9"]
[EventCountry "LTU"]
[SourceTitle "EXT 2023"]
[Source "ChessBase"]
[SourceDate "2022.10.05"]
[SourceVersion "1"]
[SourceVersionDate "2022.10.05"]
[SourceQuality "1"]

1. e4 d6 2. d4 Nf6 3. Nc3 Nbd7 4. Nf3 e5 5. Bc4 Be7 6. 0-0 h6 7. Re1 c6 8. a4 a5 9. h3 Qc7 10. dxe5 dxe5 11. Qe2 Nf8 12. Be3 g5 13. Nd2 Ng6 14. f3 Nf4 15. Qf2 Bxh3 16. Bxf4 gxf4 17. gxh3 0-0-0 18. Kh2 Nh5 19. Bxf7 Ng3 20. Nc4 Bh4 21. Be6+ Kb8 22. Qc5 Qg7 23. Rad1 Nf1+ 24. Rxf1 Qg3+ 25. Kh1 Rdg8 26. Qg1 Rg6 27. Bf5 Rg5 28. Qxg3 Bxg3 29. Ne2 h5 30. Nxg3 fxg3 31. Kg2 h4 32. Nxe5 1-0

[Event "LTU-chT rapid"]
[Site "Marijampole"]
[Date "2018.11.10"]
[Round "1.7"]
[White "Vanagas, Tadas"]
[Black "Likatavicius, Rapolas"]
[Result "1-0"]
[WhiteElo "2213"]
[BlackElo "1720"]
[PlyCount "67"]
[EventDate "2018.11.10"]
[EventType "team-swiss (rapid)"]
[EventRounds "7"]
[EventCountry "LTU"]
[SourceTitle "EXT 2020"]
[Source "ChessBase"]
[SourceDate "2019.10.17"]
[SourceVersion "1"]
[SourceVersionDate "2019.10.17"]
[SourceQuality "1"]

1. e4 d5 2. exd5 Qxd5 3. Nc3 Qd6 4. d4 c6 5. Nf3 Nf6 6. g3 Bf5 7. Bg2 e6 8. 0-0 Qc7 9. Qe2 Bd6 10. Ne5 Nd5 11. Nc4 Nxc3 12. bxc3 0-0 13. Rb1 b6 14. Ne3 Bg6 15. h4 h6 16. Qf3 Rc8 17. Bb2 Nd7 18. Rbd1 Nf6 19. c4 Be4 20. Qe2 Bxg2 21. Kxg2 Re8 22. f4 Qe7 23. Qf3 c5 24. c3 Rad8 25. g4 cxd4 26. cxd4 Ba3 27. Bc3 Bb4 28. Ba1 Nd7 29. g5 hxg5 30. hxg5 f6 31. Qh5 fxg5 32. fxg5 e5 33. Nd5 Qd6 34. Qf7+ 1-0

[Event "LTU-chT"]
[Site "Lithuania"]
[Date "2018.04.15"]
[Round "7.3"]
[White "Vanagas, Tadas"]
[Black "Solys, Laimutis"]
[Result "1/2-1/2"]
[WhiteElo "2142"]
[BlackElo "2338"]
[PlyCount "129"]
[EventDate "2018.01.27"]
[EventType "team-swiss"]
[EventRounds "7"]
[EventCountry "LTU"]
[SourceTitle "EXT 2019"]
[Source "ChessBase"]
[SourceDate "2018.10.10"]
[SourceVersion "1"]
[SourceVersionDate "2018.10.10"]
[SourceQuality "1"]
[WhiteTeam "Kaunas Gambiteriai"]
[BlackTeam "Kaunas Margiris"]
[WhiteTeamCountry "LTU"]
[BlackTeamCountry "LTU"]

1. d4 d5 2. Nf3 c5 3. c4 e6 4. cxd5 exd5 5. Nc3 Nc6 6. Bg5 Be7 7. Bxe7 Ngxe7 8. e3 cxd4 9. Nxd4 0-0 10. Be2 Nxd4 11. Qxd4 Be6 12. Rd1 Qa5 13. 0-0 Rfd8 14. b4 Qb6 15. Nb5 Nc6 16. Qxb6 axb6 17. a3 g6 18. Rd2 Rd7 19. Rfd1 Rad8 20. f3 h5 21. Kf2 Kf8 22. Nd4 Ne5 23. f4 Ng4+ 24. Bxg4 Bxg4 25. Rc1 Ke7 26. h3 Bf5 27. Rc3 Be4 28. Rd1 f6 29. Rdc1 g5 30. Rc8 gxf4 31. exf4 Rxc8 32. Rxc8 Rd8 33. Rxd8 Kxd8 34. g3 Kd7 35. h4 Kd6 36. Kg1 Bg6 37. Kg2 Be8 38. Nf5+ Kc6 39. Nd4+ Kd6 40. Kf3 Bd7 41. Ke3 Bh3 42. Nb5+ Kc6 43. Nc3 Kd6 44. Kd4 Bg2 45. Nd1 Bf3 46. Ne3 Ke6 47. Kd3 Be4+ 48. Kc3 Bf3 49. Kd4 Kd6 50. a4 Ke6 51. f5+ Kd6 52. b5 Be4 53. g4 hxg4 54. Nxg4 Bxf5 55. Nxf6 Bc2 56. Nxd5 Bxa4 57. Nc3 Bc2 58. Ne4+ Ke6 59. Ng3 Kf6 60. Ne4+ Kf5 61. Nd6+ Kg4 62. Nxb7 Ba4 63. Nd6 Kxh4 64. Nc4 Bxb5 65. Nxb6 1/2-1/2

[Event "LTU-chT"]
[Site "Lithuania"]
[Date "2018.04.14"]
[Round "6.3"]
[White "Stauskas, Lukas"]
[Black "Vanagas, Tadas"]
[Result "0-1"]
[WhiteElo "2321"]
[BlackElo "2142"]
[PlyCount "74"]
[EventDate "2018.01.27"]
[EventType "team-swiss"]
[EventRounds "7"]
[EventCountry "LTU"]
[SourceTitle "EXT 2019"]
[Source "ChessBase"]
[SourceDate "2018.10.10"]
[SourceVersion "1"]
[SourceVersionDate "2018.10.10"]
[SourceQuality "1"]
[WhiteTeam "Siauliai Tomas"]
[BlackTeam "Kaunas Gambiteriai"]
[WhiteTeamCountry "LTU"]
[BlackTeamCountry "LTU"]

1. c4 Nf6 2. Nc3 d5 3. cxd5 Nxd5 4. g3 g6 5. Bg2 Nxc3 6. bxc3 Bg7 7. Nf3 c5 8. 0-0 Nc6 9. Qb3 0-0 10. d3 Na5 11. Qc2 b6 12. Bd2 Bb7 13. Rab1 e5 14. c4 Nc6 15. a4 Re8 16. a5 e4 17. dxe4 Nb4 18. Qc1 Bxe4 19. Rb3 bxa5 20. Ra3 Qb6 21. Bc3 Bxc3 22. Qxc3 Rad8 23. Ne5 Bxg2 24. Kxg2 Qe6 25. Nf3 Qc6 26. Re1 a4 27. Kg1 f6 28. Qb2 Re4 29. Rea1 Qe6 30. e3 Rxc4 31. Rxa4 a6 32. Kg2 Rc2 33. Qb1 Qe4 34. Qb3+ Kg7 35. h4 Rdd2 36. Rf1 g5 37. hxg5 fxg5 0-1

[Event "LTU-chT"]
[Site "Lithuania"]
[Date "2018.01.28"]
[Round "2.3"]
[White "Vanagas, Tadas"]
[Black "Brazdzionis, Andrius"]
[Result "1/2-1/2"]
[WhiteElo "2142"]
[BlackElo "2293"]
[PlyCount "40"]
[EventDate "2018.01.27"]
[EventType "team-swiss"]
[EventRounds "7"]
[EventCountry "LTU"]
[SourceTitle "EXT 2019"]
[Source "ChessBase"]
[SourceDate "2018.10.10"]
[SourceVersion "1"]
[SourceVersionDate "2018.10.10"]
[SourceQuality "1"]
[WhiteTeam "Kaunas Gambiteriai"]
[BlackTeam "Vilnius MRU"]
[WhiteTeamCountry "LTU"]
[BlackTeamCountry "LTU"]

1. d4 Nf6 2. c4 e6 3. Nf3 d5 4. Bg5 h6 5. Bxf6 Qxf6 6. Nc3 Bb4 7. Qa4+ Nc6 8. e3 0-0 9. Rc1 Qg6 10. Qc2 Qxc2 11. Rxc2 dxc4 12. Bxc4 a6 13. a3 Bd6 14. Ne4 Rd8 15. Nxd6 cxd6 16. d5 Na5 17. Ba2 exd5 18. Bxd5 Be6 19. Bxe6 fxe6 20. Ke2 Nc6 1/2-1/2

[Event "LTU-chT"]
[Site "Lithuania"]
[Date "2017.01.28"]
[Round "1.1"]
[White "Vanagas, Tadas"]
[Black "Pocius, Vaclovas"]
[Result "1-0"]
[WhiteElo "2131"]
[BlackElo "1754"]
[PlyCount "93"]
[EventDate "2017.01.28"]
[EventType "team-swiss"]
[EventRounds "7"]
[EventCountry "LTU"]
[SourceTitle "CBM 176 Extra"]
[Source "ChessBase"]
[SourceDate "2017.03.02"]
[SourceVersion "1"]
[SourceVersionDate "2017.03.02"]
[SourceQuality "1"]
[WhiteTeam "Kaunas Margiris"]
[BlackTeam "Klaipeda"]
[WhiteTeamCountry "LTU"]
[BlackTeamCountry "LTU"]

1. d4 e6 2. c4 Bb4+ 3. Bd2 Qe7 4. g3 Nc6 5. Nf3 Nf6 6. a3 Bxd2+ 7. Qxd2 0-0 8. Bg2 d6 9. 0-0 Ne4 10. Qc2 f5 11. d5 Nd8 12. dxe6 Nxe6 13. Nc3 Nxc3 14. Qxc3 Bd7 15. b4 Bc6 16. e3 Rae8 17. Rfd1 Be4 18. Nd2 Bxg2 19. Kxg2 Ng5 20. c5 Ne4 21. Qc4+ Qf7 22. Qxf7+ Rxf7 23. Nxe4 Rxe4 24. cxd6 cxd6 25. Rxd6 Rc4 26. Rad1 g6 27. h4 Kg7 28. Kf3 Kh6 29. Rd7 Rc7 30. Rxf7 Rxf7 31. Kf4 Rc7 32. a4 a5 33. Rd4 Rc2 34. f3 axb4 35. Rxb4 Rc5 36. g4 fxg4 37. Kxg4 Rc7 38. e4 Kg7 39. h5 Kh6 40. hxg6 hxg6 41. f4 Kg7 42. Kg5 Rc5+ 43. e5 Rc7 44. Rb6 Rc4 45. Rxg6+ Kf7 46. Rb6 Rxa4 47. Rxb7+ 1-0

[Event "LTU-chT"]
[Site "Lithuania"]
[Date "2016.02.07"]
[Round "5.2"]
[White "Vanagas, Tadas"]
[Black "Vicas, Marijus"]
[Result "0-1"]
[WhiteElo "2142"]
[BlackElo "2010"]
[PlyCount "84"]
[EventDate "2016.01.23"]
[EventType "team-swiss"]
[EventRounds "7"]
[EventCountry "LTU"]
[SourceTitle "EXT 2017"]
[Source "ChessBase"]
[SourceDate "2016.10.25"]
[SourceVersion "1"]
[SourceVersionDate "2016.10.25"]
[SourceQuality "1"]
[WhiteTeam "Kaunas TU"]
[BlackTeam "Siauliai Tomas"]
[WhiteTeamCountry "LTU"]
[BlackTeamCountry "LTU"]

1. Nf3 Nf6 2. d4 g6 3. c4 c5 4. d5 b5 5. cxb5 a6 6. bxa6 Bg7 7. Nc3 0-0 8. e4 Qa5 9. Nd2 Bxa6 10. Be2 d6 11. 0-0 Nbd7 12. Re1 Rfb8 13. Qc2 Bxe2 14. Rxe2 Qa6 15. Nf3 Nb6 16. a3 Na4 17. Nxa4 Qxa4 18. Qxa4 Rxa4 19. Nd2 Nd7 20. Rb1 c4 21. b3 cxb3 22. Rxb3 Rc8 23. Re1 Bh6 24. Rb1 Rxc1 25. Rexc1 Bxd2 26. Rc7 Ne5 27. g3 Rxa3 28. Rb2 Bc3 29. Rb8+ Kg7 30. Kg2 Bd4 31. Rc2 g5 32. Rb7 g4 33. h3 h5 34. hxg4 hxg4 35. Rb1 Nf3 36. Kf1 Ng5 37. Rd1 Bc5 38. e5 Rf3 39. exd6 exd6 40. Rxc5 dxc5 41. d6 Ne6 42. d7 Nd8 0-1

[Event "LTU-chT"]
[Site "Lithuania"]
[Date "2016.02.06"]
[Round "4.2"]
[White "Jocys, Dalius"]
[Black "Vanagas, Tadas"]
[Result "1/2-1/2"]
[WhiteElo "2180"]
[BlackElo "2142"]
[PlyCount "26"]
[EventDate "2016.01.23"]
[EventType "team-swiss"]
[EventRounds "7"]
[EventCountry "LTU"]
[SourceTitle "CBM 170 Extra"]
[Source "ChessBase"]
[SourceDate "2016.02.25"]
[SourceVersion "1"]
[SourceVersionDate "2016.02.25"]
[SourceQuality "1"]
[WhiteTeam "Kretinga Akmena"]
[BlackTeam "Kaunas TU"]
[WhiteTeamCountry "LTU"]
[BlackTeamCountry "LTU"]

1. c4 c6 2. Nf3 Nf6 3. b3 d5 4. e3 Bf5 5. Bb2 e6 6. Be2 h6 7. 0-0 Nbd7 8. d4 Bd6 9. Nc3 0-0 10. h3 Qe7 11. Bd3 Bxd3 12. Qxd3 dxc4 13. Qxc4 e5 1/2-1/2

[Event "LTU-chT"]
[Site "Lithuania"]
[Date "2016.02.06"]
[Round "3.2"]
[White "Vanagas, Tadas"]
[Black "Gucaga, Augustas"]
[Result "1-0"]
[WhiteElo "2142"]
[BlackElo "1881"]
[PlyCount "69"]
[EventDate "2016.01.23"]
[EventType "team-swiss"]
[EventRounds "7"]
[EventCountry "LTU"]
[SourceTitle "CBM 170 Extra"]
[Source "ChessBase"]
[SourceDate "2016.02.25"]
[SourceVersion "1"]
[SourceVersionDate "2016.02.25"]
[SourceQuality "1"]
[WhiteTeam "Kaunas TU"]
[BlackTeam "Kaunas Margiris II"]
[WhiteTeamCountry "LTU"]
[BlackTeamCountry "LTU"]

1. d4 Nf6 2. c4 g6 3. Nc3 Bg7 4. e4 d6 5. f3 0-0 6. Be3 c6 7. Qd2 a6 8. a4 Qa5 9. Nd1 Qc7 10. Bd3 e5 11. d5 c5 12. Ne2 Nh5 13. Ndc3 f5 14. exf5 gxf5 15. h3 f4 16. Bf2 Bf5 17. a5 Qf7 18. Bxf5 Qxf5 19. Ne4 Qg6 20. Rg1 Bh6 21. Ra3 Nd7 22. Qd3 Bg7 23. Kd1 Kh8 24. Bh4 Rfe8 25. Ng5 e4 26. Nxe4 Ne5 27. Qc2 h6 28. Rb3 Rab8 29. Rb6 Bf8 30. Nxd6 Bxd6 31. Qxg6 Nxg6 32. Rxd6 Kg7 33. Be1 Re7 34. Bc3+ Kf7 35. g4 1-0

[Event "LTU-ch U18"]
[Site "Panevezys"]
[Date "2014.03.28"]
[Round "5"]
[White "Vanagas, Tadas"]
[Black "Vicas, Marijus"]
[Result "1/2-1/2"]
[WhiteElo "2148"]
[BlackElo "2048"]
[PlyCount "112"]
[EventDate "2014.03.25"]
[EventType "swiss"]
[EventRounds "7"]
[EventCountry "LTU"]
[SourceTitle "CBM 159 Extra"]
[Source "ChessBase"]
[SourceDate "2014.04.24"]
[SourceVersion "1"]
[SourceVersionDate "2014.04.24"]
[SourceQuality "1"]

1. d4 Nf6 2. Nf3 e6 3. c4 d5 4. Nc3 Be7 5. Bf4 0-0 6. e3 c6 7. h3 Nbd7 8. Bd3 dxc4 9. Bxc4 b5 10. Be2 Bb7 11. a3 a6 12. b4 a5 13. Rb1 axb4 14. axb4 Nb6 15. Ne5 Nfd5 16. Nxd5 Nxd5 17. Qd2 Nxf4 18. exf4 Qd6 19. 0-0 Rfd8 20. Rfc1 Qxd4 21. Qxd4 Rxd4 22. Nxc6 Bxc6 23. Rxc6 Rxf4 24. Bxb5 Rxb4 25. Rxb4 Bxb4 26. Ba6 Bf8 27. g3 g6 28. Kg2 Kg7 29. Bd3 Ra2 30. Rc2 Ra3 31. Bc4 Bd6 32. Rd2 Bc5 33. Bb5 Ra5 34. Be8 Kf8 35. Bc6 Ke7 36. Rd7+ Kf6 37. Rd2 Ra7 38. Be8 Ke7 39. Bb5 Ra5 40. Bc6 Ra3 41. Rd7+ Kf6 42. Rd2 Rc3 43. Be8 Ra3 44. Rd7 Ra7 45. Rxa7 Bxa7 46. f4 Ke7 47. Ba4 Bb8 48. Kf3 e5 49. fxe5 Bxe5 50. g4 Bc3 51. Bb3 f6 52. Ke4 Be1 53. Bc4 h5 54. gxh5 gxh5 55. h4 Bxh4 56. Be2 Bg5 1/2-1/2

[Event "LTU-ch U18"]
[Site "Panevezys"]
[Date "2014.03.25"]
[Round "1"]
[White "Vanagas, Tadas"]
[Black "Cekanauskas, Justas"]
[Result "1-0"]
[WhiteElo "2148"]
[BlackElo "1684"]
[PlyCount "47"]
[EventDate "2014.03.25"]
[EventType "swiss"]
[EventRounds "7"]
[EventCountry "LTU"]
[SourceTitle "CBM 159 Extra"]
[Source "ChessBase"]
[SourceDate "2014.04.24"]
[SourceVersion "1"]
[SourceVersionDate "2014.04.24"]
[SourceQuality "1"]

1. d4 d5 2. Nf3 Nf6 3. c4 c6 4. Nc3 e6 5. e3 Be7 6. Bd3 0-0 7. 0-0 Nbd7 8. b3 Qc7 9. Bb2 Bb4 10. Rc1 e5 11. cxd5 Bxc3 12. Rxc3 e4 13. dxc6 bxc6 14. Bb5 Nd5 15. Rc1 exf3 16. Bxc6 fxg2 17. Re1 Rb8 18. Bxd5 Qa5 19. Bc4 Qxa2 20. Bc3 Qa3 21. d5 Nb6 22. Qd4 f6 23. Ra1 Qe7 24. d6+ 1-0

[Event "LTU-chT"]
[Site "Lithuania"]
[Date "2014.01.26"]
[Round "2.3"]
[White "Rimeikis, Andrius"]
[Black "Vanagas, Tadas"]
[Result "1-0"]
[WhiteElo "2170"]
[BlackElo "2148"]
[PlyCount "79"]
[EventDate "2014.01.25"]
[EventType "team-swiss"]
[EventRounds "7"]
[EventCountry "LTU"]
[SourceTitle "CBM 158 Extra"]
[Source "ChessBase"]
[SourceDate "2014.02.28"]
[SourceVersion "1"]
[SourceVersionDate "2014.02.28"]
[SourceQuality "1"]
[WhiteTeam "Plunge Bokstas"]
[BlackTeam "Panevezys"]
[WhiteTeamCountry "LTU"]
[BlackTeamCountry "LTU"]

1. Nf3 Nf6 2. c4 g6 3. g3 Bg7 4. Bg2 0-0 5. 0-0 d5 6. cxd5 Nxd5 7. d4 Nc6 8. Nc3 Nxc3 9. bxc3 Na5 10. e4 c5 11. d5 Bxc3 12. Bh6 Bg7 13. Qc1 b6 14. h4 e6 15. Bxg7 Kxg7 16. Qc3+ Qf6 17. e5 Qf5 18. dxe6 Bxe6 19. Ng5 Rad8 20. Bh3 Qd3 21. Qxd3 Rxd3 22. Bxe6 h6 23. Nxf7 Re8 24. Rad1 Rxd1 25. Rxd1 Rxe6 26. Rd7 Kf8 27. f4 Nc6 28. Nxh6 c4 29. Kf2 Ke8 30. Rd1 Nb4 31. a3 Nd3+ 32. Ke2 b5 33. Ng4 Ra6 34. Rb1 Rb6 35. Nf6+ Kf7 36. Nd5 Rb7 37. Ke3 a5 38. Kd4 Ke6 39. Rxb5 Rd7 40. Rb6+ 1-0

[Event "Wch U18"]
[Site "Al Ain"]
[Date "2013.12.23"]
[Round "9"]
[White "Licznerski, Lukasz"]
[Black "Vanagas, Tadas"]
[Result "1-0"]
[WhiteElo "2354"]
[BlackElo "2116"]
[PlyCount "69"]
[EventDate "2013.12.18"]
[EventType "swiss"]
[EventRounds "11"]
[EventCountry "UAE"]
[SourceTitle "CBM 158 Extra"]
[Source "ChessBase"]
[SourceDate "2014.02.28"]
[SourceVersion "1"]
[SourceVersionDate "2014.02.28"]
[SourceQuality "1"]

1. b3 d5 2. Bb2 Nf6 3. Nf3 Bf5 4. g3 e6 5. Bg2 Nbd7 6. 0-0 Bd6 7. d3 e5 8. c4 c6 9. e4 Be6 10. exd5 cxd5 11. Qe2 d4 12. Ng5 Bg4 13. f3 Bf5 14. g4 Be6 15. Nxe6 fxe6 16. f4 0-0 17. Bxb7 Rb8 18. Bg2 Qe8 19. fxe5 Bxe5 20. Nd2 Qg6 21. Nf3 Nxg4 22. Nxe5 Ngxe5 23. Bxd4 Nxd3 24. Bxa7 Ra8 25. Rxf8+ Rxf8 26. Qe4 Qxe4 27. Bxe4 Nf4 28. Be3 g5 29. a4 Ne5 30. a5 Ne2+ 31. Kh1 Ng4 32. Bg1 Nc3 33. Bb7 e5 34. a6 e4 35. a7 1-0

[Event "Wch U18"]
[Site "Al Ain"]
[Date "2013.12.21"]
[Round "4"]
[White "Vanagas, Tadas"]
[Black "Horvath, David G"]
[Result "1/2-1/2"]
[WhiteElo "2116"]
[BlackElo "2351"]
[PlyCount "50"]
[EventDate "2013.12.18"]
[EventType "swiss"]
[EventRounds "11"]
[EventCountry "UAE"]
[SourceTitle "CBM 158 Extra"]
[Source "ChessBase"]
[SourceDate "2014.02.28"]
[SourceVersion "1"]
[SourceVersionDate "2014.02.28"]
[SourceQuality "1"]

1. e4 e6 2. d4 d5 3. Nc3 Nf6 4. e5 Nfd7 5. f4 c5 6. Nf3 Nc6 7. Be3 Be7 8. Qd2 0-0 9. Be2 b6 10. 0-0 f5 11. exf6 Nxf6 12. Kh1 Ne4 13. Qe1 Bf6 14. Rd1 Nxc3 15. bxc3 c4 16. g4 Bd7 17. h4 Be7 18. h5 b5 19. Ne5 Rb8 20. Nxc6 Bxc6 21. g5 Bd6 22. Bg4 Qe7 23. Bd2 Bd7 24. Qe3 Rf7 25. Rde1 Rbf8 1/2-1/2

[Event "Panevezys op-A 26th"]
[Site "Panevezys"]
[Date "2013.08.18"]
[Round "9"]
[White "Malinin, Yuri"]
[Black "Vanagas, Tadas"]
[Result "1/2-1/2"]
[WhiteElo "2306"]
[BlackElo "2107"]
[PlyCount "64"]
[EventDate "2013.08.12"]
[EventType "swiss"]
[EventRounds "9"]
[EventCountry "LTU"]
[SourceTitle "CBM 155 Extra"]
[Source "ChessBase"]
[SourceDate "2013.08.26"]
[SourceVersion "1"]
[SourceVersionDate "2013.08.26"]
[SourceQuality "1"]

1. Nf3 d5 2. c4 c6 3. d4 Nf6 4. Nc3 e6 5. Bg5 dxc4 6. a4 Bb4 7. e4 b5 8. e5 h6 9. exf6 hxg5 10. fxg7 Rg8 11. h4 g4 12. Ne5 f5 13. h5 Rxg7 14. Be2 Qg5 15. Qc2 Bb7 16. h6 Rh7 17. Nxg4 Nd7 18. Kf1 a6 19. Re1 0-0-0 20. axb5 cxb5 21. Bf3 Bxf3 22. gxf3 Qf4 23. Rxe6 Qxf3 24. Rg1 Bxc3 25. bxc3 Rg8 26. Re3 Qf4 27. Reg3 Rgh8 28. Ne3 Rxh6 29. Rg8+ Rxg8 30. Rxg8+ Kb7 31. Qxf5 Qxf5 32. Nxf5 Rf6 1/2-1/2

[Event "Panevezys op-A 26th"]
[Site "Panevezys"]
[Date "2013.08.15"]
[Round "6"]
[White "Vanagas, Tadas"]
[Black "Vanagaite, Giedre"]
[Result "1/2-1/2"]
[WhiteElo "2107"]
[BlackElo "2053"]
[PlyCount "20"]
[EventDate "2013.08.12"]
[EventType "swiss"]
[EventRounds "9"]
[EventCountry "LTU"]
[SourceTitle "CBM 155 Extra"]
[Source "ChessBase"]
[SourceDate "2013.08.26"]
[SourceVersion "1"]
[SourceVersionDate "2013.08.26"]
[SourceQuality "1"]

1. d4 d5 2. Nf3 Nf6 3. g3 g6 4. Bg2 Bg7 5. c4 c6 6. cxd5 cxd5 7. 0-0 0-0 8. Nc3 Nc6 9. Bf4 Bf5 10. Rc1 Rc8 1/2-1/2

[Event "Panevezys op-A 26th"]
[Site "Panevezys"]
[Date "2013.08.13"]
[Round "2"]
[White "Vanagas, Tadas"]
[Black "Velioniskis, Robertas"]
[Result "0-1"]
[WhiteElo "2107"]
[BlackElo "1988"]
[PlyCount "70"]
[EventDate "2013.08.12"]
[EventType "swiss"]
[EventRounds "9"]
[EventCountry "LTU"]
[SourceTitle "CBM 155 Extra"]
[Source "ChessBase"]
[SourceDate "2013.08.26"]
[SourceVersion "1"]
[SourceVersionDate "2013.08.26"]
[SourceQuality "1"]

1. d4 d5 2. Nf3 Nf6 3. c4 dxc4 4. Qa4+ c6 5. Qxc4 Bf5 6. g3 e6 7. Bg2 Nbd7 8. Nc3 Be7 9. 0-0 0-0 10. Re1 Ne4 11. Bf4 Re8 12. Rad1 Qb6 13. Nd2 Nxc3 14. Qxc3 Bb4 15. Qb3 Bxd2 16. Rxd2 Qxb3 17. axb3 e5 18. dxe5 Nxe5 19. e4 Bg4 20. Bxe5 Rxe5 21. h3 Be6 22. b4 Rb5 23. Rd4 a5 24. Ra1 c5 25. bxc5 Rc8 26. e5 Kf8 27. Rc1 Rxb2 28. c6 bxc6 29. Rxc6 Rb1+ 30. Kh2 Rxc6 31. Bxc6 Ke7 32. Ra4 Rc1 33. Be4 Rc4 34. Rxa5 Rxe4 35. Ra7+ Bd7 0-1